Statistics for British Isles Quiz

Click here to take the quiz!

General Stats

  • This quiz has been taken 32 times
  • The average score is 10 of 20

Answer Stats

QuestionAnswer% Correct
Which capital city stands on the river Liffey?Dublin
88%
Jorvik is the viking name for which city?York
85%
Cowes week Regatta is based on which island?Isle of Wight
85%
Which resort town has an area known as the Golden Mile?Blackpool
77%
Which national park is most associated with Beatrix Potter?Lake District
73%
The M4 motorway links London with which city?Bristol
62%
What is the county town of Hampshire and former capital of England?Winchester
62%
The national Wallace monument is located in which town?Stirling
54%
Makems come from which city?Sunderland
46%
What is the name of Edinburghs famous shopping street?Princes Street
46%
Which national park is located in Norfolk and Suffolk?Broads
35%
The first non-stop transatlantic flight by Alcock and Brown landed near which Irish City?Galway
35%
Where did King Harold Goodwinson defeat the viking King Harold Hardrader?Stamford Bridge
35%
The towns of Torquay, Paignton and Brixham are collectively known as what?English Riviera
35%
Which national park stretches around a large peninsula in Wales?Pembrokeshire
35%
What is the the name of the largest lake in Northern Ireland?Lough Neagh
31%
What is the name of the Belfast shipyard which built the Titanic?Harland and Wolff
27%
What is the name of the neolithic stone circle on Orkney?Ring of Brodgar
19%
What is the Falkirk Wheel?Boat Lift
19%
What is the name of the world heritage site castle located on the Menai Strait?Caernarfon
15%

Score Distribution

Percentile by Number Answered

Percent of People with Each Score

Your Score History

You have not taken this quiz